Le Corbeau... ou le Renard ? - Statistiques

Statistiques générales
  • Ce quiz a été pris 727 fois
  • Le résultat moyen est 10 sur 15
Statistiques - réponses
Question Réponse % Correct
Perd son fromage dans la célèbre Fable de La Fontaine Le Corbeau
99%
Se nomme "Chipeur" dans Dora L'Exploratrice Le Renard
83%
Est un personnage du Petit Prince de Saint-Exupéry Le Renard
82%
Désigne un délateur anonyme Le Corbeau
81%
Glapit Le Renard
80%
Est le symbole du club de football de Leicester City FC Le Renard
77%
A inspiré un vendeur de contrefaçons dans la série de jeux Animal Crossing Le Renard
74%
Était appelé "Goupil" autrefois Le Renard
74%
Se nomme Hugin ou Munin dans la mythologie nordique Le Corbeau
73%
Est un poème d'Edgar Allan Poe Le Corbeau
69%
Est le protecteur de la Tour de Londres et de la Couronne britannique Le Corbeau
64%
Apporte du pain et de la viande au Prophète Élie dans le Premier livre des Rois Le Corbeau
51%
Se dit "Zorro" en espagnol Le Renard
51%
Inspira un ballet éponyme à Igor Stravinsky Le Renard
19%
Peut être "de Tasmanie" Le Corbeau
11%
Aucun quiz correspondant
Distribution des résultats
% des personnes avec chaque résultat
Percentile par nombre de réponses
Votre historique - résultats
Vous n’avez pas pris ce quiz